Team Logo - Ivy League - Statistics

General Stats
  • This quiz has been taken 51 times
  • The average score is 8 of 8
Answer Stats
Picture Answer % Correct
Harvard Crimson
100%
Yale Bulldogs
100%
Brown Bears
98%
Cornell Big Red
98%
Princeton Tigers
98%
Dartmouth Big Green
94%
Penn Quakers
94%
Columbia Lions
85%
No matching quizzes found
Score Distribution
Percent of People with Each Score
Percentile by Number Answered
Your Score History
You have not taken this quiz